00587nam a2200169Ia 4500008004100000041000800041082001900049100001400068245004300082260001500125300000700140365001500147700001400162906003700176999001900213952018500232230718s9999 xx 000 0 und d aeng a323.40954bTAG aTagore R. aCrusader For And Quality B.R. Ambedkar c2002bRupa a68 cRs.b95.00 aTagore R. dB:471313-Jun-2002cARCHITb14.25 c303751d303751 00104070aCCEPbCCEPd2002-07-01eTechnical Book ServicesfARCHITg80.75i4713l1o323.40954pCCEP-BK-14958r2025-10-01 12:47:30s2025-09-22t14.25v95.00w2002-06-13yBKz014958